[Event "DSOL 06 Liga Gr-C 1st"]
[Site "Playchess.com INT"]
[Date "2020.07.28"]
[Round "6.4"]
[White "Nikolaus, Michael"]
[Black "Keil, Jamie"]
[Result "1-0"]
[WhiteElo "1396"]
[BlackElo "1000"]
[PlyCount "49"]
[EventDate "2020.06.22"]
[EventType "team-tourn (rapid)"]
[EventCountry "GER"]
[SourceTitle "EXT 2021"]
[Source "ChessBase"]
[SourceDate "2020.10.23"]
[SourceVersion "1"]
[SourceVersionDate "2020.10.23"]
[SourceQuality "1"]
[WhiteTeam "Horst Emscher II"]
[BlackTeam "Bad Salzuflen Caissa"]
[WhiteTeamCountry "GER"]
[BlackTeamCountry "GER"]

1. e4 c5 2. Nf3 g6 3. Bc4 d6 4. Nc3 Bg7 5. 0-0 e6 6. d4 cxd4 7. Nxd4 Ne7 8. Ndb5 Be5 9. f4 Bxc3 10. Nxd6+ Kf8 11. bxc3 Kg7 12. Qd4+ f6 13. f5 exf5 14. exf5 Nxf5 15. Nxf5+ Bxf5 16. Qh4 g5 17. Qh5 Bg6 18. Qf3 Qb6+ 19. Be3 Bh5 20. Qg3 Qc6 21. Bxg5 fxg5 22. Qxg5+ Bg6 23. Rf7+ Kg8 24. Qd8+ Qe8 25. Qxe8# 1-0

[Event "DSOL 06 Liga Gr-C 1st"]
[Site "Playchess.com INT"]
[Date "2020.07.14"]
[Round "4.3"]
[White "Keil, Jamie"]
[Black "Roth, Paul Konstantin"]
[Result "1-0"]
[WhiteElo "1000"]
[BlackElo "1443"]
[PlyCount "83"]
[EventDate "2020.06.22"]
[EventType "team-tourn (rapid)"]
[EventCountry "GER"]
[SourceTitle "EXT 2021"]
[Source "ChessBase"]
[SourceDate "2020.10.23"]
[SourceVersion "1"]
[SourceVersionDate "2020.10.23"]
[SourceQuality "1"]
[WhiteTeam "Bad Salzuflen Caissa"]
[BlackTeam "Norderstedt III"]
[WhiteTeamCountry "GER"]
[BlackTeamCountry "GER"]

1. e4 c5 2. Nf3 d6 3. Bc4 e6 4. Nc3 Nf6 5. Bb3 a6 6. d3 Nc6 7. 0-0 g6 8. Re1 Nd7 9. Bf4 Nde5 10. Qe2 Bg7 11. Nxe5 Nxe5 12. Nd1 0-0 13. Kh1 b5 14. c3 Qb6 15. f3 Bb7 16. Nf2 Rfd8 17. Rad1 b4 18. d4 cxd4 19. cxd4 Nc6 20. d5 exd5 21. Bxd5 Bd4 22. Be3 Bxe3 23. Qxe3 Qb5 24. Ng4 Ne5 25. Nh6+ Kg7 26. Qf4 Bxd5 27. Rxd5 Qe8 28. Red1 Qe6 29. Qg5 f6 30. Qe3 g5 31. Nf5+ Kg6 32. Rxd6 Rxd6 33. Rxd6 Qxa2 34. Ne7+ Kf7 35. Nf5 Qb1+ 36. Qg1 Qxb2 37. h3 a5 38. Qb6 Qc1+ 39. Kh2 Qc8 40. Rxf6+ Ke8 41. Qb5+ Nd7 42. Nd6+ 1-0